[Event "Detroit (MI Action/5/1)"]
[Site "?"]
[Date "1995.??.??"]
[Round "?"]
[White "Thompson, Dexter"]
[Black "Gabbara, Faris"]
[Result "1-0"]
[WhiteElo "2225"]
[BlackElo "2200"]
[PlyCount "65"]
[EventDate "1995.??.??"]

{5/(1)} 1. e4 c5 2. d4 cxd4 3. c3 Nf6 4. e5 Nd5 5. cxd4 Nc6 6. Nc3 e6 7. Nf3 d6
8. exd6 Bxd6 9. Bd3 h6 10. O-O Nf6 11. a3 O-O 12. Bc2 b6 13. Re1 Ne7 14. Ne4
Ned5 15. Ne5 Qc7 16. Qd3 Bb7 17. Bd2 Rfd8 18. Rac1 Nxe4 19. Qxe4 Nf6 20. Qh4
Qe7 21. Bxh6 Rac8 22. Bg5 Rxc2 23. Rxc2 Be4 24. Bxf6 Qxf6 25. Qxe4 Be7 26. Rec1
g6 27. Rc8 Rxc8 28. Rxc8+ Kh7 29. Qf3 Qxf3 30. gxf3 Kg7 31. Rc7 Bd6 32. Rxf7+
Kh6 33. Rxa7 1-0

[Event "Detroit (CMS Jun/1/1/2)"]
[Site "?"]
[Date "1995.??.??"]
[Round "?"]
[White "Thompson, Dexter"]
[Black "Choyke, J."]
[Result "1-0"]
[WhiteElo "2210"]
[BlackElo "1655"]
[PlyCount "75"]
[EventDate "1995.??.??"]

{1/1} 1. e4 e5 2. Nf3 Nc6 3. Bc4 Nf6 4. O-O Be7 5. d4 d6 6. c3 O-O 7. d5 Nb8 8.
Qd3 Bg4 9. b4 Nbd7 10. Bb3 Re8 11. Bd1 b6 12. Be3 Nf8 13. h3 Bd7 14. a4 a5 15.
b5 Qc8 16. Kh2 h6 17. Nbd2 Ng6 18. Ne1 Nf4 19. Bxf4 exf4 20. Qf3 g5 21. Nd3 Kg7
22. Bb3 Nh7 23. e5 dxe5 24. Nxe5 Bd6 25. Nxd7 Qxd7 26. Bc2 f5 27. Qd3 Rf8 28.
Rae1 Rae8 29. Nf3 Rxe1 30. Rxe1 Rf6 31. Nd4 Nf8 32. Nxf5+ Kg8 33. f3 Bc5 34.
Re2 h5 35. Qe4 g4 36. Qe5 g3+ 37. Kh1 Rf7 38. Nh6# 1-0

[Event "East Lansing (MI Op/4/6)"]
[Site "?"]
[Date "1995.??.??"]
[Round "?"]
[White "Thompson, Dexter"]
[Black "Baze, Lineas"]
[Result "0-1"]
[WhiteElo "2265"]
[BlackElo "2050"]
[PlyCount "122"]
[EventDate "1995.??.??"]

{4/(6)} 1. e4 c5 2. c3 d5 3. exd5 Qxd5 4. d4 e6 5. Nf3 Nf6 6. Na3 Qd8 7. Be3
cxd4 8. Bxd4 Be7 9. Qa4+ Bd7 10. Qb3 Nc6 11. Bxf6 Bxf6 12. Rd1 Rb8 13. Rd2 Qe7
14. Bd3 O-O 15. O-O Rfd8 16. Rfd1 Be8 17. Nc4 g6 18. Be4 Rxd2 19. Rxd2 Rd8 20.
Qd1 Kf8 21. Nd6 Qc7 22. c4 Ke7 23. c5 b6 24. b4 Nxb4 25. Nxe8 Rxe8 26. cxb6
axb6 27. Qa4 Nd5 28. Qa3+ Qc5 29. Qa7+ Kf8 30. Rc2 Qb4 31. Nd2 Qd4 32. Qa3+ Be7
33. Qc1 Bc5 34. Bf3 Qxf2+ 35. Kh1 Ne3 36. Rc3 Bb4 37. Ne4 Qf1+ 38. Qxf1 Nxf1
39. Rb3 Ba5 40. Rd3 Rc8 41. Kg1 Rc1 42. Kf2 Nxh2 43. Be2 Be1+ 44. Ke3 h5 45.
Rd7 Bh4 46. Rb7 f5 47. Nd6 Rc6 48. Rf7+ Kg8 49. Rd7 Ng4+ 50. Bxg4 hxg4 51. Nf7
Rc2 52. g3 Bxg3 53. Ng5 Rc6 54. Ke2 Bf4 55. Rd8+ Kg7 56. Rd7+ Kf6 57. Nh7+ Ke5
58. Nf8 g5 59. Re7 g3 60. Kf3 g4+ 61. Ke2 g2 0-1

[Event "East Lansing (MI Op/1b/10)"]
[Site "?"]
[Date "1995.??.??"]
[Round "?"]
[White "Thomas, Henry"]
[Black "Moore, Dan"]
[Result "0-1"]
[WhiteElo "1840"]
[BlackElo "2060"]
[PlyCount "132"]
[EventDate "1995.??.??"]

1. e4 c5 2. f4 Nc6 3. Nf3 g6 4. Bc4 Bg7 5. O-O e6 6. Nc3 Nge7 7. d3 O-O 8. a3
d5 9. Ba2 b6 10. Qe1 Nd4 11. Qf2 Bb7 12. e5 Nef5 13. g4 Nxf3+ 14. Qxf3 Nd4 15.
Qf2 f6 16. exf6 Qxf6 17. Nd1 Rae8 18. c3 Nc6 19. Ne3 Kh8 20. g5 Qf7 21. Ng4 d4
22. Bd2 Qf5 23. Qg3 Ba6 24. c4 Bc8 25. Rae1 e5 26. Nxe5 Bxe5 27. fxe5 Qg4 28.
Rxf8+ Rxf8 29. Kg2 Qxg3+ 30. Kxg3 Be6 31. Bf4 Ne7 32. Bb1 Kg7 33. Bc2 Nf5+ 34.
Kf3 Nh4+ 35. Kg3 Nf5+ 36. Kg2 Nh4+ 37. Kg3 Ng2 38. Kxg2 Rxf4 39. Bd1 Kf7 40.
Kg3 Rf5 41. h4 Ke7 42. Bg4 Rf8 43. Bf3 Bf5 44. Be4 Ke6 45. Bd5+ Ke7 46. Be4 a5
47. b4 axb4 48. axb4 Bxe4 49. dxe4 Ke6 50. bxc5 bxc5 51. Rb1 Rf7 52. Rb5 Kxe5
53. Rxc5+ Kxe4 54. Rd5 Rc7 55. Kf2 Kd3 56. c5 Kc4 57. Rd8 Kxc5 58. Ke2 Kc4 59.
Kd2 Re7 60. Rc8+ Kd5 61. Rd8+ Ke4 62. Rd6 Ra7 63. Rd8 Ra2+ 64. Ke1 Rh2 65. Re8+
Kd3 66. Re7 Rxh4 0-1

[Event "Jackson (Prison m)"]
[Site "?"]
[Date "1995.??.??"]
[Round "?"]
[White "Thomas, Henry"]
[Black "Hudson"]
[Result "0-1"]
[WhiteElo "1900"]
[BlackElo "1605"]
[PlyCount "86"]
[EventDate "1995.??.??"]

1. e4 c5 2. f4 d6 3. Nf3 Nc6 4. Bc4 e6 5. O-O a6 6. a4 Qc7 7. d3 Be7 8. Nc3 Nf6
9. Kh1 O-O 10. Bb3 Nd4 11. e5 Ng4 12. Nxd4 cxd4 13. Ne4 Ne3 14. Bxe3 dxe3 15.
exd6 Bxd6 16. Nxd6 Qxd6 17. Qf3 Qd4 18. Rab1 Rb8 19. Qe4 Qb6 20. Rf3 f5 21.
Qxe3 Qxe3 22. Rxe3 Kf7 23. Rbe1 Re8 24. Re5 Kf6 25. h3 Bd7 26. g4 h6 27. Kh2 g5
28. fxg5+ hxg5 29. gxf5 exf5 30. Rxe8 Rxe8 31. Rxe8 Bxe8 32. Kg2 Bh5 33. c4 Ke5
34. Bc2 Kd4 35. Kf2 a5 36. Bb1 b6 37. Bc2 f4 38. Bb1 Be8 39. Bc2 Bd7 40. h4 g4
41. h5 g3+ 42. Kg1 f3 43. Bd1 f2+ 0-1

[Event "East Lansing (Beg/4/15)"]
[Site "?"]
[Date "1995.??.??"]
[Round "?"]
[White "Taylor, Walt"]
[Black "Wright, S."]
[Result "1-0"]
[WhiteElo "1605"]
[BlackElo "1605"]
[PlyCount "69"]
[EventDate "1995.??.??"]

{4/(15)} 1. e4 b6 2. Nc3 h5 3. h4 Rh6 4. g3 Rg6 5. Bg2 Nh6 6. e5 Ba6 7. Bxa8
Nf5 8. Bg2 Nd4 9. Nge2 Nxe2 10. Nxe2 Re6 11. O-O Rxe5 12. Re1 Rc5 13. d4 Ra5
14. Bd2 Ra4 15. c3 b5 16. b3 Ra3 17. Nf4 g6 18. Bc1 Bg7 19. Bxa3 c6 20. Rxe7+
Kf8 21. Rxd7+ Ke8 22. Rxd8+ Kxd8 23. d5 c5 24. Bxc5 Bxc3 25. Rc1 Bb2 26. Rc2
Bf6 27. Bxa7 Nd7 28. g4 hxg4 29. Qxg4 Nf8 30. Bc5 Bc8 31. Qd1 Nd7 32. Bd4 Nb8
33. Bxf6+ Ke8 34. Qe1+ Kf8 35. Rxc8# 1-0

[Event "Detroit (MI Action/6/20)"]
[Site "?"]
[Date "1995.??.??"]
[Round "?"]
[White "Taylor, Walt"]
[Black "Shaw, L."]
[Result "0-1"]
[WhiteElo "1605"]
[BlackElo "1605"]
[PlyCount "63"]
[EventDate "1995.??.??"]

{6/(20)} 1. e4 c5 2. Nf3 Nc6 3. Bb5 g6 4. Bxc6 dxc6 5. d3 Bg7 6. Nc3 Bg4 7. h3
Bxf3 8. Qxf3 Qa5 9. Bd2 Nh6 10. Qd1 Qb6 11. Qc1 Ng8 12. O-O O-O-O 13. Bf4 e5
14. Na4 Qb4 15. Nc3 exf4 16. Qxf4 Rd7 17. a3 Qxb2 18. Na4 Qb5 19. Nb2 Bxb2 20.
Rab1 Nf6 21. Qg5 h6 22. Qd2 Qa4 23. Rxb2 Qxa3 24. Rb3 Qa4 25. Qc3 Qd4 26. Qxd4
cxd4 27. c3 Rhd8 28. e5 Ng8 29. cxd4 Rxd4 30. Re1 b6 31. e6 fxe6 32. Rxe6 0-1

[Event "Detroit (MI Action/2/24)"]
[Site "?"]
[Date "1995.??.??"]
[Round "?"]
[White "Taylor, Walt"]
[Black "Goerke, Daniel"]
[Result "1-0"]
[WhiteElo "1605"]
[BlackElo "1605"]
[PlyCount "111"]
[EventDate "1995.??.??"]

{2/(24)} 1. e4 e5 2. Nf3 Nc6 3. Bb5 Nge7 4. O-O a6 5. Ba4 d5 6. exd5 Nxd5 7.
Nxe5 Bd7 8. Nxc6 Bxc6 9. Bxc6+ bxc6 10. d4 Bd6 11. g3 O-O 12. Qg4 Nb4 13. Bh6
Qf6 14. Bg5 Qg6 15. h3 h6 16. Bd2 Qxg4 17. hxg4 Nxc2 18. Nc3 Nxa1 19. Rxa1 Bb4
20. a3 Bxc3 21. Bxc3 g6 22. Bb4 Rfd8 23. Rc1 Rxd4 24. Rxc6 Ra7 25. Bc5 Rd1+ 26.
Kg2 Ra8 27. Rxc7 h5 28. gxh5 gxh5 29. Be7 Rb8 30. Bf6 Rxb2 31. Bxb2 Rd2 32. Bf6
Rd6 33. Bh4 Kg7 34. f4 Kg6 35. Kh3 Rd1 36. Rc6+ Kg7 37. Rxa6 Rh1+ 38. Kg2 Rc1
39. a4 Rc2+ 40. Kf3 Rc3+ 41. Kg2 Kf8 42. Ra8+ Kg7 43. a5 f6 44. a6 Rc2+ 45. Kh3
Kf7 46. a7 Ra2 47. Rh8 Kg6 48. a8=Q Rxa8 49. Rxa8 Kf5 50. Bxf6 Kxf6 51. Kh4 Kg6
52. Ra6+ Kf5 53. Kxh5 Ke4 54. Re6+ Kf3 55. g4 Kxf4 56. Rf6+ 1-0

[Event "East Lansing (Beg/2/11)"]
[Site "?"]
[Date "1995.??.??"]
[Round "?"]
[White "Taylor, Walt"]
[Black "Fortino, M."]
[Result "0-1"]
[WhiteElo "1605"]
[BlackElo "1605"]
[PlyCount "98"]
[EventDate "1995.??.??"]

{2/(11)} 1. e4 c5 2. Nc3 Nc6 3. Nf3 Nf6 4. g3 e6 5. Bg2 Be7 6. O-O O-O 7. d3 d6
8. Bg5 h6 9. Bxf6 Bxf6 10. Qe1 Bxc3 11. Qxc3 e5 12. Qe1 Bg4 13. h4 Qf6 14. Qd1
Nb4 15. c3 Nc2 16. Qxc2 Bxf3 17. Bxf3 Qxf3 18. Qd1 Qf6 19. b4 cxb4 20. cxb4
Rfe8 21. Rc1 Re6 22. Rc7 Rb8 23. Kg2 Qd8 24. Rc1 d5 25. a3 dxe4 26. dxe4 Qb6
27. Qe1 Rbe8 28. Qe3 Qd6 29. Qxa7 Rf6 30. Qxb7 Qd2 31. Rc8 Rxc8 32. Qxc8+ Kh7
33. Qc1 Qd4 34. Qe3 Qb2 35. Kg1 Qa2 36. f4 exf4 37. gxf4 g5 38. hxg5 hxg5 39.
fxg5 Rxf1+ 40. Kxf1 Qb1+ 41. Qe1 Qb2 42. Qe3 Kg6 43. Qd3 Kxg5 44. Qe3+ Kf6 45.
Qb6+ Ke5 46. Qc7+ Kxe4 47. Qxf7 Ke3 48. Qa7+ Kf3 49. a4 Qb1# 0-1

[Event "Detroit (MI Action/1/18)"]
[Site "?"]
[Date "1995.??.??"]
[Round "?"]
[White "Tarrance, J."]
[Black "Boyle, John"]
[Result "0-1"]
[WhiteElo "1605"]
[BlackElo "1605"]
[PlyCount "66"]
[EventDate "1995.??.??"]

{1/(18)} 1. e4 c5 2. Nf3 d6 3. Bc4 Nf6 4. Ng5 e6 5. Bb5+ Bd7 6. Bxd7+ Qxd7 7.
d4 cxd4 8. Qxd4 Nc6 9. Qd3 g6 10. O-O Bg7 11. Rd1 Rd8 12. Bf4 d5 13. exd5 Qxd5
14. Qxd5 Rxd5 15. Rxd5 Nxd5 16. Nh3 Nxf4 17. Nxf4 Bxb2 18. a4 Bxa1 19. Na3 Ke7
20. Nb5 Rd8 21. g3 a6 22. Nc7 Kd7 23. Nfxe6 fxe6 24. Nxe6 Kxe6 25. h4 Rd2 26.
c4 Bd4 27. Kg2 Rxf2+ 28. Kh3 Kf5 29. g4+ Kf4 30. g5 Kf3 31. h5 a5 32. hxg6 hxg6
33. Kh4 Rh2# 0-1

[Event "East Lansing (MOR/1b/17)"]
[Site "?"]
[Date "1995.??.??"]
[Round "?"]
[White "Tanner, M."]
[Black "Andreas, L."]
[Result "0-1"]
[WhiteElo "1605"]
[BlackElo "1605"]
[PlyCount "108"]
[EventDate "1995.??.??"]

1. e4 c5 2. Nf3 Nc6 3. d4 cxd4 4. Nxd4 Nf6 5. Nc3 e6 6. Bc4 Bc5 7. Be3 Qc7 8.
O-O a6 9. Re1 O-O 10. Nxc6 Qxc6 11. Bxc5 Qxc5 12. e5 Ne8 13. Bd3 d5 14. Re3 d4
15. Bxh7+ Kxh7 16. Rh3+ Kg8 17. Qh5 f5 18. Ne2 Qxe5 19. Qh7+ Kf7 20. Qh5+ g6
21. Qf3 Nf6 22. Kf1 Ng4 23. g3 Rh8 24. Rxh8 Qxh8 25. Ke1 Nxh2 26. Qb3 Qe5 27.
Rd1 Qa5+ 28. c3 Nf3+ 29. Kf1 Qb5 30. Qxb5 axb5 31. Kg2 Ng5 32. Nxd4 Bd7 33. a3
Rd8 34. f4 Nh7 35. Kf2 Ke7 36. Re1 Nf6 37. Nf3 Ne4+ 38. Kg2 Bc6 39. Nd4 Nf6+
40. Kf2 Ng4+ 41. Kg1 Rd6 42. b3 Kf6 43. Kf1 e5 44. fxe5+ Nxe5 45. Re3 g5 46.
Ke2 Ng4 47. Rd3 Rd5 48. Nxc6 bxc6 49. Rxd5 cxd5 50. a4 bxa4 51. bxa4 Ne5 52.
Ke3 Nc4+ 53. Kd4 Ke6 54. Kd3 Ke5 0-1

[Event "Lansing (Mini-Swiss.2/1)"]
[Site "?"]
[Date "1995.??.??"]
[Round "?"]
[White "Swartz, J."]
[Black "Ryskamp, John"]
[Result "0-1"]
[WhiteElo "1605"]
[BlackElo "1605"]
[PlyCount "159"]
[EventDate "1995.??.??"]

{2/(1)} 1. d4 e6 2. c4 Nf6 3. Nc3 Bb4 4. Bd2 c5 5. a3 Bxc3 6. bxc3 d5 7. cxd5
Nxd5 8. e4 Nf6 9. Qc2 h6 10. Nf3 Nc6 11. Bb5 Bd7 12. O-O O-O 13. a4 a6 14. Bd3
cxd4 15. cxd4 Rc8 16. Qb2 Rc7 17. e5 Nd5 18. Be4 Nde7 19. Rfc1 a5 20. Qb6 Rc8
21. Qxb7 Rb8 22. Qa6 Nb4 23. Qe2 Qe8 24. Rc5 Qd8 25. Rc4 Qb6 26. h3 Nec6 27.
Bxc6 Bxc6 28. Be3 Bd5 29. Rc5 Rfc8 30. Rb5 Qc7 31. Rxb8 Qxb8 32. Qb5 Qxb5 33.
axb5 Bc4 34. Rxa5 Nd3 35. Bd2 Rb8 36. b6 Rxb6 37. Ra8+ Kh7 38. h4 Rb1+ 39. Kh2
Nxf2 40. Rc8 Bd5 41. Ne1 Ne4 42. Ba5 Rd1 43. Bb6 Rxe1 44. Rf8 Kg6 45. h5+ Kxh5
46. Rxf7 g6 47. Ba5 Re2 48. Bb4 Rxg2+ 49. Kxg2 Ng5+ 50. Kf2 Nxf7 51. Be7 Kg4
52. Bf6 g5 53. Be7 h5 54. Bb4 Nh6 55. Bd2 Nf5 56. Bc3 Kh4 57. Be1 g4 58. Kg1+
Kh3 59. Bc3 Kg3 60. Be1+ Kf3 61. Bf2 Ke4 62. Kh2 Nxd4 63. Kg3 Nf5+ 64. Kh2 Kxe5
65. Ba7 Ke4 66. Bb8 Kf3 67. Bc7 Nh6 68. Bg3 Nf7 69. Bh4 e5 70. Bf6 e4 71. Bh4
e3 72. Be1 Ke2 73. Bh4 Kf1 74. Bf6 e2 75. Bc3 Ng5 76. Kg3 Nf3 77. Kf4 e1=Q 78.
Bxe1 Nxe1 79. Kg3 Nf3 80. Kf4 {0-1, ??.} 0-1

[Event "Flint (MI Senior/3/6)"]
[Site "?"]
[Date "1995.??.??"]
[Round "?"]
[White "Swartz, J."]
[Black "Poniatowski, Don"]
[Result "1-0"]
[WhiteElo "1605"]
[BlackElo "1605"]
[PlyCount "105"]
[EventDate "1995.??.??"]

{3/(6)} 1. d4 d5 2. c4 e6 3. Nc3 Nf6 4. Nf3 c6 5. Bg5 Nbd7 6. Ne5 Qa5 7. a3 h6
8. b4 Qc7 9. Bf4 Nh5 10. e3 Nxf4 11. exf4 Nf6 12. Rc1 Bd6 13. cxd5 Bxe5 14.
dxe5 Nxd5 15. Nb5 Qd8 16. Nd6+ Kf8 17. g3 g6 18. Bg2 Kg7 19. h4 Rf8 20. h5 f6
21. hxg6 fxe5 22. Nf7 Rxf7 23. gxf7 Kxf7 24. Rxh6 Ke7 25. Rh7+ Kd6 26. fxe5+
Kxe5 27. Qh5+ Kd6 28. f4 Qf6 29. Rh6 Qb2 30. Qe5+ Qxe5+ 31. fxe5+ Kxe5 32. Rh8
Kf6 33. Ke2 Kg7 34. Rch1 Kf6 35. R1h6+ Ke7 36. Kd3 Kd6 37. Kd4 b6 38. Rd8+ Ke7
39. Rhh8 a5 40. Rxc8 Rxc8 41. Rxc8 axb4 42. Bxd5 c5+ 43. Kd3 exd5 44. axb4 Kd7
45. Rb8 Kc6 46. bxc5 bxc5 47. g4 Kd6 48. Rf8 c4+ 49. Kd4 Ke7 50. Rf5 Ke6 51.
Rxd5 c3 52. g5 c2 53. Rc5 1-0

[Event "Gaylord (NMO/1/17)"]
[Site "?"]
[Date "1995.??.??"]
[Round "?"]
[White "Swartz, J."]
[Black "Paul, Dennis"]
[Result "1-0"]
[WhiteElo "1605"]
[BlackElo "1605"]
[PlyCount "119"]
[EventDate "1995.??.??"]

{1/(17)} 1. d4 e6 2. c4 d6 3. e4 Nf6 4. Nc3 Be7 5. Nf3 c5 6. Be2 Nc6 7. O-O O-O
8. d5 Nb4 9. a3 Na6 10. Bg5 e5 11. h3 Nh5 12. Bxe7 Qxe7 13. Nh2 Nf4 14. Bg4 f5
15. exf5 Bxf5 16. Bxf5 Rxf5 17. Ne4 Nc7 18. Rc1 Qf7 19. Nxd6 Qg6 20. Qg4 Rg5
21. Nf5 Re8 22. Nh4 Qf6 23. Qd1 Rxg2+ 24. Nxg2 Qg5 25. Qg4 Qxg4 26. hxg4 Ne2+
27. Kh1 Nxc1 28. Rxc1 Rc8 29. Re1 b5 30. d6 Ne6 31. d7 Rd8 32. Rxe5 Kf7 33. Rd5
bxc4 34. Nf3 Ke7 35. Ne5 Nd4 36. Nxc4 Rxd7 37. Rxd7+ Kxd7 38. Nge3 Ke6 39. Kg2
Kf6 40. f4 Ne6 41. Kg3 g5 42. f5 Nf4 43. Ng2 Ne2+ 44. Kf2 Nd4 45. Nge3 Nxf5 46.
gxf5 h5 47. Kg3 g4 48. Kh4 g3 49. Kxg3 Kg5 50. Ne5 a5 51. Nf3+ Kf6 52. Kh4 c4
53. Nxc4 Kxf5 54. Nxa5 Ke4 55. b4 Kd5 56. b5 Kc5 57. a4 Kb4 58. b6 Kxa5 59. b7
Kb6 60. b8=Q+ 1-0

[Event "Gaylord (NMO/3/14)"]
[Site "?"]
[Date "1995.??.??"]
[Round "?"]
[White "Swartz, J."]
[Black "Miller, Jess"]
[Result "1-0"]
[WhiteElo "1605"]
[BlackElo "1605"]
[PlyCount "67"]
[EventDate "1995.??.??"]

{3/(14)} 1. d4 d5 2. c4 dxc4 3. a4 Nf6 4. e3 Qd6 5. Bxc4 Qb4+ 6. Nd2 e6 7. Ngf3
b6 8. O-O Bb7 9. Ne5 Bd6 10. Nd3 Qa5 11. Bb5+ c6 12. Nb3 cxb5 13. Nxa5 bxa5 14.
axb5 Bc7 15. Qa4 O-O 16. Bd2 a6 17. Nc5 axb5 18. Qc2 Bd5 19. Nxe6 Bxe6 20. Qxc7
Rc8 21. Qb7 Nc6 22. Qxb5 Rab8 23. Qa4 Rxb2 24. Bxa5 Bd7 25. Qa3 Rb5 26. Bc3
Rcb8 27. f3 Rb3 28. Qc1 Nd5 29. Bd2 Rc8 30. Qc4 Nxe3 31. Qxb3 Nxf1 32. Kxf1
Nxd4 33. Qd5 Bb5+ 34. Kf2 1-0

[Event "Flint (MI Senior/1/1)"]
[Site "?"]
[Date "1995.??.??"]
[Round "?"]
[White "Swartz, J."]
[Black "Finegold, Ron"]
[Result "0-1"]
[WhiteElo "1605"]
[BlackElo "2230"]
[PlyCount "88"]
[EventDate "1995.??.??"]

{1/(1)} 1. d4 d6 2. c4 e5 3. e4 Nc6 4. Nf3 Bg4 5. Be3 Qf6 6. d5 Bxf3 7. Qxf3
Qxf3 8. gxf3 Nce7 9. Nc3 f5 10. f4 exf4 11. Bxf4 Ng6 12. Bd2 fxe4 13. Nxe4 Be7
14. Bh3 Nf6 15. Ng5 Ne5 16. Ne6 Bd8 17. Nxg7+ Kf7 18. Nf5 Ne4 19. Nh6+ Kf8 20.
Ke2 Nxd2 21. f4 Nexc4 22. b3 Bf6 23. Rac1 Bg7 24. Nf5 Re8+ 25. Kd3 b5 26. Nxg7
Re3+ 27. Kc2 Kxg7 28. bxc4 Nxc4 29. Rhg1+ Kf6 30. Bg4 Rg8 31. h3 b4 32. Rce1 a5
33. Rxe3 Nxe3+ 34. Kb3 h5 35. Re1 hxg4 36. Rxe3 g3 37. Re1 Kf5 38. Ka4 g2 39.
Rg1 Kxf4 40. Kb5 Kf3 41. Kc6 Rg7 42. Kb5 Kf2 43. Rd1 g1=Q 44. Rd2+ Ke3 0-1

[Event "Lansing (Mini-Swiss.2/2)"]
[Site "?"]
[Date "1995.??.??"]
[Round "?"]
[White "Swartz, J."]
[Black "Crysler, Jerry"]
[Result "0-1"]
[WhiteElo "1605"]
[BlackElo "1605"]
[PlyCount "36"]
[EventDate "1995.??.??"]

{2/(2)} 1. e4 d6 2. d4 e6 3. Nf3 Nf6 4. Nc3 Be7 5. Be2 O-O 6. O-O c6 7. Bf4
Nbd7 8. Re1 Nh5 9. Be3 Ndf6 10. h3 d5 11. g4 dxe4 12. Ne5 Nd5 13. gxh5 Nxe3 14.
fxe3 Bh4 15. Rf1 f5 16. Kh1 Qg5 17. Rg1 Qxe3 18. h6 Qxh3# 0-1

[Event "Gaylord (NMO/5/11)"]
[Site "?"]
[Date "1995.??.??"]
[Round "?"]
[White "Swartz, J."]
[Black "Crysler, Jerry"]
[Result "0-1"]
[WhiteElo "1605"]
[BlackElo "1605"]
[PlyCount "124"]
[EventDate "1995.??.??"]

{5/(11)} 1. d4 e6 2. c4 Ne7 3. Nc3 Ng6 4. e4 d6 5. Nf3 Be7 6. g3 Nd7 7. h4 Bf6
8. h5 Ngf8 9. h6 Ng6 10. hxg7 Bxg7 11. Ng5 h6 12. Nf3 Nb6 13. Nh4 Nxh4 14. Rxh4
Qf6 15. Be3 Bd7 16. Rf4 Qe7 17. Qf3 Rf8 18. Rg4 f6 19. e5 O-O-O 20. Bg2 Bc6 21.
d5 fxe5 22. Qe4 exd5 23. cxd5 Bd7 24. Rh4 Qf7 25. O-O-O Kb8 26. Bxh6 Bxh6+ 27.
Rxh6 Qxf2 28. g4 Qf4+ 29. Qxf4 Rxf4 30. g5 Rg4 31. Bh3 Rxg5 32. Be6 c6 33. Ne4
Bxe6 34. Nxg5 Bxd5 35. Ne6 Bxe6 36. Rxe6 Nd5 37. Rh1 Kc7 38. Rh7+ Rd7 39. Rh8
Re7 40. Rg6 Nf4 41. Rgg8 Kb6 42. Rd8 d5 43. a4 Ka5 44. b3 e4 45. Rhe8 Rxe8 46.
Rxe8 Nd3+ 47. Kd2 Kb4 48. Ke2 a5 49. Re7 Nc5 50. Rf7 d4 51. Rf5 Nxb3 52. Rf1 c5
53. Rb1 c4 54. Re1 e3 55. Rh1 Kxa4 56. Rh4 b5 57. Re4 d3+ 58. Kd1 e2+ 59. Ke1
d2+ 60. Kxe2 Kb4 61. Kd1 a4 62. Kc2 a3 0-1

[Event "Eastpointe (MCO/5/25)"]
[Site "?"]
[Date "1995.??.??"]
[Round "?"]
[White "Sunts, A."]
[Black "Neshewat, Michael"]
[Result "0-1"]
[WhiteElo "1605"]
[BlackElo "1875"]
[PlyCount "54"]
[EventDate "1995.??.??"]

{5/(25)} 1. e4 e5 2. Nf3 Nc6 3. c3 Nf6 4. d3 d5 5. exd5 Qxd5 6. Be2 Bc5 7. O-O
O-O 8. c4 Qd6 9. Nc3 Bf5 10. Bg5 a6 11. Bxf6 Qxf6 12. Ne4 Qe7 13. Nxc5 Qxc5 14.
a3 Rad8 15. b4 Qe7 16. Ne1 Nd4 17. b5 axb5 18. cxb5 Qg5 19. Nf3 Nxf3+ 20. Bxf3
e4 21. Be2 Bh3 22. g3 Bxf1 23. Bxf1 exd3 24. a4 d2 25. Ra2 Rfe8 26. Be2 Rxe2
27. Qxe2 d1=Q+ 0-1

[Event "Eastpointe (MCO/3/19)"]
[Site "?"]
[Date "1995.??.??"]
[Round "?"]
[White "Sunts, A."]
[Black "Morabito, Matthew"]
[Result "0-1"]
[WhiteElo "1605"]
[BlackElo "1850"]
[PlyCount "78"]
[EventDate "1995.??.??"]

{3/(19)} 1. e4 c5 2. Nf3 Nc6 3. Bb5 d6 4. Bxc6+ bxc6 5. d4 cxd4 6. Qxd4 e5 7.
Qc4 Qc7 8. Ng5 Rb8 9. Nc3 h6 10. Nf3 Be6 11. Qa4 a5 12. Rb1 Rb4 13. Nd5 Bxd5
14. Qxb4 axb4 15. exd5 cxd5 16. O-O Nf6 17. a3 bxa3 18. bxa3 Be7 19. Be3 O-O
20. Rfc1 Ra8 21. Rb3 Ng4 22. Bb6 Qd7 23. h3 Nf6 24. Be3 Ne4 25. Nh2 d4 26. Bxh6
gxh6 27. Re1 Nc3 28. Ng4 h5 29. Nh2 Kh7 30. Nf3 Rg8 31. Kh2 f6 32. Nd2 Qc6 33.
g3 h4 34. Nf1 f5 35. f4 hxg3+ 36. Nxg3 Rxg3 37. Kxg3 Ne4+ 38. Rxe4 Qxe4 39.
fxe5 Bh4+ 0-1

[Event "Troy (TCC Res/2/15)"]
[Site "?"]
[Date "1995.??.??"]
[Round "?"]
[White "Sunts, A."]
[Black "Mailing, Don"]
[Result "0-1"]
[WhiteElo "1605"]
[BlackElo "1605"]
[PlyCount "124"]
[EventDate "1995.??.??"]

{2/(15)} 1. e4 e6 2. d4 d5 3. e5 c5 4. Nf3 Nc6 5. Be2 cxd4 6. O-O Bc5 7. Bb5
Nge7 8. Bg5 Qb6 9. Bxc6+ Nxc6 10. b3 O-O 11. c3 dxc3 12. Nxc3 Be7 13. Bxe7 Nxe7
14. Rc1 Ng6 15. Na4 Qd8 16. Qd4 Bd7 17. Nc5 Bc6 18. h4 f6 19. Nxe6 fxe5 20.
Nxe5 Qf6 21. Nxg6 Qxd4 22. Nxd4 hxg6 23. g3 Rac8 24. Rfe1 a6 25. Rc2 Bd7 26.
Rec1 Rxc2 27. Rxc2 Bf5 28. Rc7 b5 29. Rc6 Rf6 30. f4 Rxc6 31. Nxc6 Kf7 32. Kf2
Ke6 33. Ke3 Kd6 34. Nd4 Kc5 35. a3 a5 36. h5 Be4 37. hxg6 Bxg6 38. g4 Bf7 39.
f5 b4 40. a4 Kd6 41. g5 Ke5 42. f6 gxf6 43. gxf6 Kxf6 44. Nc6 Ke6 45. Kd4 Kd6
46. Ne5 Bh5 47. Nd3 Bd1 48. Nc5 Bc2 49. Nb7+ Kc7 50. Nc5 Kc6 51. Ne6 Bxb3 52.
Nf4 Bc4 53. Ng2 b3 54. Kc3 Kc5 55. Ne1 d4+ 56. Kb2 Bf7 57. Nd3+ Kd5 58. Nc1 Ke4
59. Ne2 Ke3 60. Nc1 d3 61. Nxd3 Kxd3 62. Kc1 Kc3 0-1

[Event "Eastpointe (MCO/1/14)"]
[Site "?"]
[Date "1995.??.??"]
[Round "?"]
[White "Sunts, A."]
[Black "Kende, M."]
[Result "0-1"]
[WhiteElo "1605"]
[BlackElo "2040"]
[PlyCount "81"]
[EventDate "1995.??.??"]

{1/(14)} 1. e4 c5 2. Bc4 Nc6 3. c3 Nf6 4. e5 Nxe5 5. Be2 d5 6. Nf3 Nxf3+ 7.
Bxf3 g6 8. O-O Bg7 9. d4 cxd4 10. Qxd4 O-O 11. Qd1 Be6 12. Be3 Qd7 13. h3 Rfd8
14. Bd4 Bf5 15. Bxf6 Bxf6 16. g4 Be6 17. Nd2 Be5 18. Nb3 Bc7 19. Bg2 Qd6 20. f4
Qb6+ 21. Kh1 Qe3 22. Qf3 Qxf3 23. Rxf3 Bb6 24. Rd1 f5 25. Re1 fxg4 26. hxg4
Bxg4 27. Rg3 Bf2 28. Rxg4 Bxe1 29. f5 Kf7 30. fxg6+ hxg6 31. Kg1 g5 32. Rxg5 e6
33. Re5 Bg3 34. Re3 Bc7 35. Rf3+ Ke7 36. Kf1 Rg8 37. Rh3 Raf8+ 38. Bf3 Bb6 39.
Ke2 Rg5 40. Rh7+ Kd6 41. a4 0-1

[Event "East Lansing (MOR/1a/9)"]
[Site "?"]
[Date "1995.??.??"]
[Round "?"]
[White "Sundeen, David"]
[Black "Tucker, Eric"]
[Result "0-1"]
[WhiteElo "1715"]
[BlackElo "1605"]
[PlyCount "74"]
[EventDate "1995.??.??"]

1. e4 d6 2. d4 g6 3. Nf3 Bg7 4. Be3 Nf6 5. Bd3 O-O 6. h3 b6 7. Nc3 Bb7 8. a3 e6
9. Qd2 e5 10. dxe5 dxe5 11. Bh6 Nc6 12. Bxg7 Kxg7 13. O-O-O Qe7 14. Qe2 Nd4 15.
Qe3 c5 16. Rhe1 Rfe8 17. Bc4 Rad8 18. Nd2 Nh5 19. Bd5 Nf4 20. Bxb7 Qxb7 21. Rg1
b5 22. Nf3 b4 23. axb4 Qxb4 24. Nxe5 Nfe2+ 25. Nxe2 Nxe2+ 26. Qxe2 Rxd1+ 27.
Rxd1 Rxe5 28. f3 c4 29. Rd4 Ra5 30. c3 Ra1+ 31. Kd2 Qxb2+ 32. Ke3 Qxc3+ 33. Kf4
Qxd4 34. Qc2 c3 35. Kg4 h5+ 36. Kg5 Qd2+ 37. Qxd2 cxd2 0-1

[Event "Lansing (Mini-Swiss.2/3)"]
[Site "?"]
[Date "1995.??.??"]
[Round "?"]
[White "Sundeen, David"]
[Black "Swartz, J."]
[Result "1-0"]
[WhiteElo "1710"]
[BlackElo "1605"]
[PlyCount "50"]
[EventDate "1995.??.??"]

{2/(3)} 1. e4 e5 2. f4 exf4 3. Nf3 g5 4. Bc4 d6 5. d4 Be6 6. d5 Bd7 7. O-O Nf6
8. Nxg5 Bg4 9. Qd3 Nbd7 10. Bxf4 Nc5 11. Qe3 b6 12. e5 dxe5 13. Bxe5 Kd7 14.
Nxf7 Nce4 15. Nxd8 Bc5 16. Qxc5 Nxc5 17. Nf7 Nce4 18. Nxh8 Rxh8 19. Bxf6 Rf8
20. Bd4 Rg8 21. Bd3 Ng5 22. Bf5+ Bxf5 23. Rxf5 Nh3+ 24. Kf1 Ng5 25. Nd2 Re8 1-0

[Event "Lansing (Mini-Swiss.2/2)"]
[Site "?"]
[Date "1995.??.??"]
[Round "?"]
[White "Sundeen, David"]
[Black "Smeckert, Dennis"]
[Result "1-0"]
[WhiteElo "1700"]
[BlackElo "1605"]
[PlyCount "83"]
[EventDate "1995.??.??"]

{2/(2)} 1. e4 e5 2. Nc3 Bc5 3. f4 Bxg1 4. Rxg1 Qh4+ 5. g3 Qxh2 6. Rg2 Qh6 7. d3
Qe6 8. Be3 Nc6 9. f5 Qe7 10. Qd2 Nf6 11. Be2 b6 12. Bg5 Qb4 13. O-O-O Bb7 14.
Bxf6 gxf6 15. Nd5 Qd6 16. Qh6 O-O-O 17. Qxf6 Qxf6 18. Nxf6 Nd4 19. Rh1 Nxf5 20.
Rxh7 Rxh7 21. Nxh7 Nd4 22. Nf6 Rh8 23. Bh5 Rh6 24. Rf2 Ne6 25. g4 Nf4 26. g5
Rxf6 27. gxf6 Nxh5 28. Rh2 Bxe4 29. Rxh5 Bg6 30. Rxe5 d6 31. Re7 Kb7 32. Kd2
Kc6 33. Ke3 d5 34. Kf4 Kd6 35. Kg5 b5 36. Kh6 c5 37. Kg7 Bh5 38. Rxf7 Bd1 39.
c3 Bc2 40. d4 b4 41. Rxa7 cxd4 42. cxd4 1-0